| 000 | 00731nam a22002177a 4500 | ||
|---|---|---|---|
| 999 |
_c13889 _d13889 |
||
| 003 | AR-CdUCM | ||
| 008 | 190416b ||||| |||| 00| 0 spa d | ||
| 040 |
_aMUNICIPALIDAD PROVINCIAL DEL CUSCO _cBIBLIOTECA MUNICIPAL DEL CUSCO |
||
| 082 |
_a304.809 / _bM77 |
||
| 100 |
_aMontoya, Rodrigo _98139 |
||
| 245 | _aLa comunidad campesina / | ||
| 260 |
_aCusco : _bBartolome de las Casa, _c1980. |
||
| 300 |
_a44 paginas ; _c22 cm. |
||
| 505 | _aContenido : Fuerza de trabajo -- Carácter proletario -- Recursos potenciales -- Comercialización. | ||
| 650 |
_aCampo _930997 |
||
| 650 |
_aCampesinado _94085 |
||
| 650 |
_aAgricultura _9320 |
||
| 650 |
_aEconomía campesina _92215 |
||
| 942 |
_2ddc _cLIBROS |
||
| 945 |
_awnts _d2019-04-16 |
||